TOOHEY'S MEDICINE: A TEXTBOOK FOR STUDENTS IN THE HEALTH CARE PROFFESSIONS (Record no. 216938)

MARC details
000 -LEADER
fixed length control field 00570nam a22001817a 4500
008 - FIXED-LENGTH DATA ELEMENTS--GENERAL INFORMATION
fixed length control field 260414b |||||||| |||| 00| 0 eng d
020 ## - INTERNATIONAL STANDARD BOOK NUMBER
International Standard Book Number 0-443-04704-9
050 ## - LIBRARY OF CONGRESS CALL NUMBER
Classification number RC 46 .T66 1995
100 ## - MAIN ENTRY--PERSONAL NAME
Personal name BLOOM, STEPHEN R.
245 ## - TITLE STATEMENT
Title TOOHEY'S MEDICINE: A TEXTBOOK FOR STUDENTS IN THE HEALTH CARE PROFFESSIONS
250 ## - EDITION STATEMENT
Edition statement 15TH
260 ## - PUBLICATION, DISTRIBUTION, ETC.
Place of publication, distribution, etc. EDINBURGH,
Name of publisher, distributor, etc. CHURCHILL LIVINGSTONE,
Date of publication, distribution, etc. 1995.
300 ## - PHYSICAL DESCRIPTION
Extent IX, 377 P ILL
500 ## - GENERAL NOTE
General note INCLUDES INDEX
650 ## - SUBJECT ADDED ENTRY
Topical term or geographic name entry element 1. INTERNAL MEDICINE 2. CLINICAL MEDICINE- HANDBOOKS, MANUALS
942 ## - ADDED ENTRY ELEMENTS (KOHA)
Source of classification or shelving scheme Library of Congress Classification
Koha item type Long Loan Book
Holdings
Withdrawn status Lost status Source of classification or shelving scheme Damaged status Not for loan Collection Home library Current library Shelving location Date acquired Inventory number Total checkouts Full call number Barcode Date last seen Copy number Price effective from Koha item type
    Library of Congress Classification     Medicine Kisii University Library Kisii University Library On Display 04/14/2026 112859   RC 46 .T66 1995 a001265 04/14/2026 1 04/14/2026 Long Loan Book
    Library of Congress Classification     Medicine Kisii University Library Kisii University Library On Display 04/14/2026 112860   RC 46 .T66 1995 a001264 04/14/2026 2 04/14/2026 Long Loan Book
    Library of Congress Classification     Medicine Kisii University Library Kisii University Library On Display 04/14/2026 112861   RC 46 .T66 1995 a001261 04/14/2026 3 04/14/2026 Long Loan Book
    Library of Congress Classification     Medicine Kisii University Library Kisii University Library On Display 04/14/2026 112862     a001276 04/14/2026 4 04/14/2026 Long Loan Book
    Library of Congress Classification     Medicine Kisii University Library Kisii University Library On Display 04/14/2026 112863   RC 46 .T66 1995 a001274 04/14/2026 5 04/14/2026 Long Loan Book